Province attraversate dal Tevere - Statistics

Statistiche generali
  • Questo quiz è stato fatto 51 volte
  • Il punteggio medio è 7 su 8
Statistiche sulle risposte
Province % Corretto
Roma
100%
Perugia
93%
Viterbo
93%
Arezzo
89%
Rieti
89%
Terni
89%
Rimini
61%
Forlì-Cesena
48%
Nessun quiz corrispondente trovato
Distribuzione punteggi
Percentuale di utenti per punteggio
Percentile per numero di risposta
I tuoi punteggi nel tempo
Non hai fatto questo quiz